[Event "Tan Chin Nam Cup 4th"]
[Site "Beijing"]
[Date "1998.06.11"]
[Round "4"]
[White "Tong, Yuanming"]
[Black "Kudrin, Sergey"]
[Result "1-0"]
[WhiteElo "2505"]
[BlackElo "2565"]
[Annotator "Bangiev,A"]
[PlyCount "81"]
[EventDate "1998.06.08"]
[EventType "tourn"]
[EventRounds "11"]
[EventCountry "CHN"]
[EventCategory "12"]
[SourceTitle "CBM 066"]
[Source "ChessBase"]
[SourceDate "1998.09.30"]
[SourceVersion "1"]
[SourceVersionDate "1998.09.30"]
[SourceQuality "1"]

1. e4 c5 2. Nf3 g6 3. c3 d5 4. exd5 Qxd5 5. d4 Bg7 6. dxc5 $146 (6. Be3) (6.
Na3) 6... Qxc5 (6... Qxd1+ 7. Kxd1 Bg4 $13) 7. Na3 Nf6 8. Be3 Qa5 9. Nc4 Qc7
10. Qa4+ Bd7 11. Qa3 $1 $36 Nd5 (11... Nc6 12. Nb6 Rd8 13. Nxd7 Rxd7 14. Be2
$14) 12. O-O-O $5 Nxe3 13. Nxe3 {/\Nd5} Bc6 $8 14. Bb5 $3 Qf4 (14... Bxb5 15.
Nd5 Qd7 (15... Qd8 16. Nf6+ Bxf6 17. Rxd8+ Kxd8 18. Qa5+ $16) 16. Rhe1 (16.
Nxe7 Bd3 $1) 16... e6 17. Nb6 (17. Ne5 Qd8 $13) 17... axb6 18. Qxa8 Qc7 $17)
15. Be2 Bf6 16. g3 Qe4 17. Rhe1 O-O 18. Nd4 Qe5 19. Ng4 Qc7 20. Nxf6+ exf6 21.
Bc4 Bg2 22. Bb5 Nc6 23. Bxc6 Bxc6 24. Re7 Qb6 25. Qd6 Bg2 26. Qxb6 axb6 27. f3
Rxa2 28. Kc2 Rfa8 29. Rxb7 Ra1 30. Rxb6 Rxd1 31. Kxd1 Ra1+ 32. Kd2 Rh1 33. h4
f5 34. Ke3 Bf1 35. b3 Rh2 36. c4 Ra2 37. c5 Ra8 38. c6 Re8+ 39. Kf2 Bd3 40. c7
Kf8 41. Rb8 1-0

[Event "GER-ch 68th"]
[Site "Dudweiler"]
[Date "1996.??.??"]
[Round "9"]
[White "Pirrot, Dieter"]
[Black "Bangiev, Alexander J"]
[Result "1/2-1/2"]
[WhiteElo "2415"]
[BlackElo "2400"]
[Annotator "Bangiev,A"]
[PlyCount "76"]
[EventDate "1996.11.26"]
[EventType "swiss"]
[EventRounds "9"]
[EventCountry "GER"]
[SourceTitle "CBM 055 Extra"]
[Source "ChessBase"]
[SourceDate "1997.01.01"]
[SourceVersion "1"]
[SourceVersionDate "1997.01.01"]
[SourceQuality "1"]

1. e4 g6 2. d4 Bg7 3. Nc3 c5 4. dxc5 Qa5 5. Bd2 Qxc5 6. Nd5 $5 {/\7.Bb4} b6 {
Ein neuer Zug.} (6... Bxb2 $6 7. Rb1 (7. Bb4 Qd4 8. Qxd4 Bxd4 9. O-O-O Bb6 $13)
7... Be5 (7... Ba3 8. Rb3 (8. Bf4 Kf8 $5) 8... Qd6 9. Qa1 f6 10. Rxa3 Qxa3 11.
Nc7+ Kd8 12. Nxa8 $16) 8. f4 Bc7 9. Rb5 (9. Bb4 Ba5 $5) 9... Qc6 10. Rb3 Bb6
11. Rc3 Bc5 12. Bb5 $18) 7. Be3 (7. Bb4 Qc6 8. Bb5 Qb7 9. Bc3 f6 (9... Bxc3+ $6
10. Nxc3 a6 11. Qd4 f6 (11... Nf6 $6 12. e5 $1 Qxg2 (12... axb5 13. exf6 Qxg2
14. fxe7 $1) 13. exf6 Qxh1 14. fxe7 $1 Qxg1+ 15. Ke2 Qxa1 16. Qxh8+ Kxe7 17.
Nd5+ $18) 12. Bc4 Nc6 13. Qe3 $14) 10. Qf3 $5 a6 11. Bd3 Nc6 12. O-O-O d6 $14)
7... Qc6 8. Bb5 Qb7 9. Bd4 f6 (9... Bxd4 10. Qxd4 f6 11. Qc3 $5 Nc6 12. Ba6 $1
$16) 10. Qf3 $5 Nc6 (10... e6 $5) 11. Bc3 a6 12. Bd3 b5 13. b3 $6 (13. O-O-O $5
b4 14. Bd2) 13... d6 (13... e6 $5 14. Ne3 (14. Nxf6+ $2 Nxf6 15. Bxf6 O-O 16.
e5 Nxe5 $17) 14... Qc7 15. Ne2 b4 (15... Ne5 16. Bxe5 Qxe5 17. O-O Bb7 18. a4
$14) 16. Bb2 Ne5 17. Qg3 Bb7 $13) 14. h4 $5 {/\h4-h5->Pg6} (14. O-O-O $5) 14...
Ne5 $6 (14... e6 $5 15. Ne3 (15. Nf4 f5 $5 16. Nge2 Ne5 $15) (15. Nb4 f5 $5 16.
Bxb5 $5 axb5 17. Nxc6 fxe4 18. Qg3 Nh6 $15) 15... f5 $5 16. Bxg7 (16. Ne2 Bxc3+
17. Nxc3 Qg7 $17) 16... Qxg7 $15) 15. Bxe5 $5 dxe5 16. h5 e6 17. hxg6 $5 hxg6 (
17... exd5 18. Rxh7 Be6 $5 (18... Qc7 19. Ne2 Ne7 20. exd5 $13) 19. Qh5 dxe4 (
19... Qc8 20. Ne2 $16 Bg4 21. Rxh8 Bxh5 22. Rxg8+ Ke7 23. Rxc8 Rxc8 24. exd5
$18) 20. Be2 e3 21. Rxh8 Qxg2 22. O-O-O exf2 23. Nf3 $36) 18. Rxh8 Bxh8 19. Ne3
Bg7 (19... Ne7 $142 20. Ne2 Qc7 $132) 20. Ne2 Qe7 $6 (20... Ne7 $142 21. Ng4 f5
$5) 21. a4 $5 Rb8 $6 (21... Qb4+ 22. Kf1) (21... bxa4 $142 22. Rxa4 Bb7 23. Kf1
$13) 22. axb5 axb5 23. Kf1 (23. c3 $5 Qc7 24. Nc2 Ne7 25. Nb4 $14) 23... Kf7 (
23... b4 $5) 24. Nc3 $6 (24. c3 $142) 24... b4 25. Nb5 Bf8 $5 {->d6} (25... Qc5
26. Ra5 Bd7 (26... Ne7 27. Nc4 $14) 27. Ra7 $5 Ke8 28. Rc7 $36) 26. Ra7 $6 Rb7
27. Rxb7 Bxb7 28. Nc4 Qc5 $15 29. Qe3 Qxe3 30. Nxe3 Bc5 31. c3 $5 bxc3 32. Nxc3
f5 $6 (32... Ne7 $142) 33. Nc4 $10 Kf6 34. f3 Ne7 35. Na5 Bxe4 36. Nxe4+ fxe4
37. fxe4 Bb4 38. Nc4 Nc6 1/2-1/2

[Event "RUS Cup final 5th"]
[Site "Kazan"]
[Date "2001.10.11"]
[Round "10"]
[White "Galliamova, Alisa"]
[Black "Popov, Valerij"]
[Result "1/2-1/2"]
[WhiteElo "2547"]
[BlackElo "2559"]
[Annotator "Bangiev,A"]
[PlyCount "58"]
[EventDate "2001.10.02"]
[EventType "tourn"]
[EventRounds "11"]
[EventCountry "RUS"]
[EventCategory "12"]
[SourceTitle "CBM 086"]
[Source "ChessBase"]
[SourceDate "2002.02.05"]
[SourceVersion "1"]
[SourceVersionDate "2002.02.05"]
[SourceQuality "1"]

1. e4 c5 2. Ne2 d6 3. g3 $1 {Weiß beabsichtigt Bg2, mit dem Ziel den Bauern
auf e4 zu schützen, um dann den Vorstoß d2-d4 mittels c2-c3 vorzubereiten.} g6
(3... Nc6 {Dies stellt eine Alternative dar, ermöglicht allerdings dem Weißen
durch den Vorstoß d2-d4 und anschließend d4-d5 ein wichtiges Tempo zu gewinnen,
z.B.} 4. Bg2 g6 5. c3 Bg7 6. d4 Bg4 (6... cxd4 7. cxd4 Qb6 $6 8. d5 $5 Bxb2 9.
Bxb2 Qxb2 10. Nbc3 Nb4 11. O-O $16) 7. d5 $1 Na5 (7... Ne5 $2 8. f4 Nd7 (8...
Nf3+ $2 9. Kf2) (8... Bf3 $2 9. Bxf3 Nxf3+ 10. Kf2)) 8. O-O b5 9. h3 Bd7 10. f4
Nh6 11. g4 f5 12. exf5 gxf5 13. g5 Nf7 14. Ng3 O-O 15. Qc2 {1-0 Kupreichik,
V-Scholz,C/Germany 2001/(47)}) 4. Bg2 Bg7 5. c3 Nf6 6. d4 O-O 7. O-O {Dank
seinem Bauernzentrum steht Weiß etwas besser.} Nbd7 8. h3 Rb8 9. Be3 {Der
Läufer auf e3 soll die Aktionen am Damenflügel unterstützen.} b6 10. a4 Qc7 {
Schwarz bemüht sich die schwarzen Felder u.a. d6,e5,c5 zu sichern, um die
Entwicklung des Damenflügels abschließen zu können.} 11. Na3 a6 12. b4 Bb7 13.
Qd3 Rfc8 {Schwarz hat seine Entwicklung vollendet, den Vorposten auf c5
verstärkt. Eine Frage stellt sich aber, wo soll er aktiv werden?} 14. Rad1 {
Angesichts der sicheren Position des Schwarzen am Damenflügel will Weiß seine
Aktivitäten evtl. auf den Königsflügel verlagern.} e6 (14... d5 $6 15. e5 Ne4
16. f3) 15. g4 Bf8 {Dies stellt eine klare Botschaft dar: Schwarz bereitet den
Vorstoß d5 vor und beabsichtigt damit am Damenflügel aktiv zu werden.} 16. f4 (
16. g5 Ne8 17. f4 cxb4 18. cxb4 d5 $132) 16... d5 (16... cxb4 17. cxb4 d5 18.
e5 Ne4 19. Rc1 Qd8 20. Nc2) 17. e5 Ne4 18. dxc5 bxc5 {[%mdl 512] Schwarz
opfert eine Figur für zwei Bauern und Spielraum am Damenflügel.} 19. Bxe4 cxb4
20. cxb4 Bxb4 21. Nb1 Bc6 22. Bg2 Bxa4 23. Rc1 Bc2 24. Qd4 Qa5 25. Bf2 Rc4 26.
Qe3 (26. Qa7 Rc7 27. Qe3 Bc5 28. Nd4) 26... Bc5 27. Qd2 Bb4 28. Qe3 Bc5 29. Qd2
Bb4 1/2-1/2

[Event "BL2-Nord 9899"]
[Site "Germany"]
[Date "1999.01.31"]
[Round "5.1"]
[White "Muse, Mladen"]
[Black "Bangiev, Alexander J"]
[Result "1-0"]
[WhiteElo "2440"]
[BlackElo "2395"]
[Annotator "Bangiev,A"]
[PlyCount "111"]
[EventDate "1998.10.18"]
[EventType "team-tourn"]
[EventRounds "9"]
[EventCountry "GER"]
[SourceTitle "GER-chT2"]
[Source "ChessBase"]
[SourceDate "1999.07.01"]
[SourceVersion "1"]
[SourceVersionDate "1999.07.01"]
[SourceQuality "1"]
[WhiteTeam "Lichtenrade"]
[BlackTeam "Isernhagen"]
[WhiteTeamCountry "GER"]
[BlackTeamCountry "GER"]

1. d4 g6 2. e4 Bg7 3. Nc3 d6 4. Be3 Nd7 5. Qd2 a6 6. f3 (6. Nf3 $142) 6... c5
$146 (6... b6) 7. dxc5 Nxc5 8. Bc4 $6 (8. Bxc5 dxc5 9. Qxd8+ Kxd8 10. O-O-O+
Kc7 (10... Bd7 11. Na4 Rc8 12. Nb6 Rc7 13. Bc4 e6 14. Ne2 $14) 11. Nd5+ Kc6 12.
g3 e6 13. Ne3 Ne7 14. f4 $14) 8... Be6 $5 9. Bxe6 Nxe6 10. Nd5 (10. Nge2 Nf6
11. O-O O-O $14) 10... Nf6 11. Bh6 (11. Ne2 Nxd5 12. exd5 Nc5 $11) 11... Nxd5 (
11... Bxh6 12. Nxf6+ exf6 13. Qxh6 Qa5+ 14. Qd2 Qxd2+ 15. Kxd2 $14) 12. Bxg7
Nxg7 13. Qxd5 {/\Ne2-c3-d5} Qb6 14. O-O-O $11 Qe3+ {Dies ist gegen das Manöver
Ne2-c3-d5 gerichtet.} (14... Rc8 15. Ne2 Rc5 16. Qd2 O-O 17. Nf4 (17. Nc3 Rfc8
$36) 17... Rfc8 18. c3 e6 $1 $15) 15. Kb1 O-O 16. Nh3 (16. Qxb7 $2 Rab8 17. Qc7
(17. Qxa6 $2 Rxb2+ $19) 17... Rfc8 18. Qa5 $8 Rc5 19. Qd2 Qa3 $19) 16... Rac8
17. Rhe1 (17. Qxb7 Rb8 18. Qc7 Ne6 (18... Rfc8 19. Rhe1 $1) 19. Qa5 Rb5 20.
Rhe1 (20. Qxa6 $2 Rxb2+) (20. Qd2 Qa3 21. c4 Rb4 $15) 20... Qxf3 $1 21. Qxa6
Qh5 $15) 17... Qc5 18. Qd2 {[%cal Yh3f4,Yf4d5] /\Nf4-d5} (18. Qxc5 Rxc5 19. Nf4
$11) 18... Ne6 19. f4 {[%cal Yf4f5]} Rc6 20. Re3 $1 Rfc8 21. c3 $1 (21. Rc3 Qb5
22. Rxc6 bxc6 $36) 21... Qb5 $1 {[%cal Ye6c5,Yc5a4,Ya4b2,Ya4c3] /\Nc5-a4->} (
21... Kh8 22. g4 Qb5 23. f5 Nc5 24. Nf4 Na4 25. Nd5 $16) 22. f5 $1 (22. g4 Nc5
$36) 22... gxf5 $2 (22... Nc5 $1 23. Nf4 {[%cal Yf4d5]} e6 $1 (23... Na4 24.
Nd5 $16) 24. fxe6 fxe6 $13) 23. Rg3+ Kh8 (23... Kf8 $2 24. Ng5 $1 $16 (24. Qh6+
Ke8 25. Qxh7 Qe2 $17) 24... fxe4 $2 25. Nxe6+ fxe6 26. Qh6+ Ke8 27. Qxe6 $18)
24. Ng5 $1 Nxg5 25. Qxg5 Qe5 26. exf5 $14 Rc5 $6 (26... Rc4 $1 27. f6 $5 (27.
Re3 Re4 28. Rde1 d5 $13) 27... Qxg5 28. Rxg5 exf6 29. Rgd5 $14) 27. Re3 Qxf5+
28. Qxf5 Rxf5 29. Rxe7 $16 {[%mdl 4096]} Rf2 30. Rxd6 Rg8 31. g3 f5 32. Rh6 (
32. Rxb7 $5 Rxh2 33. a4 Rxg3 34. Rxa6 $16) 32... Rg7 33. Re8+ Rg8 34. Re7 Rg7
35. Re8+ Rg8 36. Rxg8+ Kxg8 37. a4 Kg7 38. Rh4 Kg6 39. a5 h5 40. c4 Kg5 41. c5
Re2 42. Rb4 Rxh2 (42... Re7 $5 43. Rb6 Rc7 44. c6 (44. b4 h4 $132) 44... Rxc6
45. Rxb7 Re6 46. b4 f4 47. gxf4+ (47. b5 $2 f3 $1) 47... Kxf4 48. Kc2 $16) 43.
Rxb7 h4 44. gxh4+ Rxh4 45. b3 (45. c6 Rc4 46. c7 f4 47. b3 Rc6 $11) 45... f4
46. Rf7 Kg4 (46... Kg6 47. Rf8 Kg7 48. c6 $1) (46... Rh2 47. Rf8 $1) 47. Kc2 f3
48. Kd3 Rh1 49. c6 Rc1 50. c7 Kg3 51. Ke3 $1 $18 (51. Kd4 f2 $11) 51... Rc3+
52. Kd4 Rc1 53. Kd5 f2 54. Kd6 Rc3 55. b4 Kg2 56. Kd7 1-0

[Event "BL2-Nord 9899"]
[Site "Germany"]
[Date "1998.10.18"]
[Round "1.1"]
[White "Hegeler, Frank"]
[Black "Bangiev, Alexander J"]
[Result "0-1"]
[WhiteElo "2360"]
[BlackElo "2395"]
[Annotator "Bangiev,A"]
[PlyCount "48"]
[EventDate "1998.10.18"]
[EventType "team-tourn"]
[EventRounds "9"]
[EventCountry "GER"]
[SourceTitle "GER-chT2"]
[Source "ChessBase"]
[SourceDate "1999.07.01"]
[SourceVersion "1"]
[SourceVersionDate "1999.07.01"]
[SourceQuality "1"]
[WhiteTeam "Hamburger SK II"]
[BlackTeam "Isernhagen"]
[WhiteTeamCountry "GER"]
[BlackTeamCountry "GER"]

1. d4 g6 2. e4 Bg7 3. Nc3 d6 4. Nf3 c6 5. a4 Nf6 6. g3 $6 (6. Be2 $142) 6... b6
$5 7. Bg2 Ba6 8. e5 $5 Nd5 (8... dxe5 9. Nxe5 (9. dxe5 Qxd1+ 10. Nxd1 Nd5 $132)
9... O-O $5 10. b4 $5 (10. Nxc6 Nxc6 11. Bxc6 Rc8 12. Bg2 Qd7 $44) 10... Qc8
11. Qf3 Qe6 12. Bf4 Nfd7 13. O-O-O Nxe5 14. Bxe5 Bxe5 15. dxe5 Qxe5 16. Rhe1 (
16. h4 $2 Be2 $1) 16... Qc7 17. h4 $36) 9. Nxd5 (9. e6 $6 fxe6 10. Ng5 Nxc3 11.
bxc3 Bc4) (9. Ne2 dxe5 10. Nxe5 Qd6 $36) 9... cxd5 10. e6 $1 {[%mdl 512]} (10.
Bf4 O-O $132) 10... fxe6 (10... O-O $2 11. exf7+ Rxf7 12. Ng5) 11. Ng5 Qc8 (
11... Bc8 12. Bh3 Nc6 13. c3 e5 14. Be6 $1 $16) 12. Bh3 {[%cal Yg5e6,Yh3e6]} (
12. Qg4 $5 h5 $5 (12... Qxc2 13. Nxe6 $16) 13. Qxe6 Qxc2 14. Bxd5 Bxd4 15. Qf7+
Kd7 16. Qe6+ Ke8 $11) 12... Nd7 (12... Qc4 $6 13. Nxe6 Bf6 14. Ra3 $16) 13.
Bxe6 {[%cal Ye6d5,Ye6f7]} (13. Nxe6 $142 Bf6 14. Bh6 $5) 13... Qc6 ({besser ist
} 13... Qc4 $1 {mit dem Ziel, das Manöver Ra1-a3-c3 zu verhindern.} 14. b3 (14.
Bxd7+ Kxd7 15. Qg4+ e6 $1) 14... Qc6 $1 (14... Qc3+ 15. Bd2 Bxd4 $5 (15... Qxd4
$2 16. Bf7+) 16. Bxd7+ (16. Bxc3 $2 Bxc3+) 16... Kxd7 17. Qg4+ Ke8 18. Bxc3
Bxc3+ 19. Kd1 Bxa1 20. Qe6 $16) 15. Bf7+ Kf8 16. Qf3 Nf6 17. c4 Bxc4 $1 18.
bxc4 Qxc4 19. Be6 Qxd4 $13) 14. Ra3 $1 Nf6 $5 (14... Rc8 15. Rc3 Qxa4 16. Bf7+
Kf8 17. Bxd5 $16) 15. Rc3 Qxa4 (15... Qb7 $142 16. Bf7+ Kf8 17. Rc7 Qb8 18. Qf3
$36) 16. Qf3 $2 (16. Bf7+ $1 Kd7 (16... Kf8 17. Bxd5 $1 Nxd5 18. Qf3+) 17. Ne6
Rhc8 18. Nxg7 Rxc3 19. bxc3 e5 $1 $36 20. f3 Ke7 $1 21. dxe5 dxe5 22. Be6 $1 (
22. Bxd5 Rd8 23. Bg5 Bc4 $17) 22... Rd8 $13 23. Bh3 $16) 16... Qa5 $1 $17 17.
Kd1 (17. Bf7+ $5 Kf8 18. Be6 h6 19. Nf7 Rh7 $17) 17... h6 18. Nf7 Rf8 19. Re1
$6 (19. Bxh6 $2 Bxh6) (19. Nxh6 $2 Bxh6 20. Bxh6 Qa1+ 21. Bc1 Ne4) (19. Ra3 $5
Qb5 20. Nxh6 Ne4 21. Bf7+ Kd8 $17) 19... Rxf7 20. Bxf7+ Kxf7 $19 21. Rc7 Bf8
22. Bxh6 $2 Bxh6 23. Rcxe7+ (23. Rexe7+ Kg8 24. c3 Qa1+ 25. Kc2 Rf8 $19) 23...
Kg8 24. c3 Qa4+ 0-1

[Event "Donau op 06th"]
[Site "Aschach"]
[Date "1997.12.28"]
[Round "4"]
[White "Rogulj, Branko"]
[Black "Beim, Valery"]
[Result "0-1"]
[WhiteElo "2415"]
[BlackElo "2535"]
[Annotator "Beim,V"]
[PlyCount "96"]
[EventDate "1997.12.26"]
[EventType "swiss"]
[EventRounds "7"]
[EventCountry "AUT"]
[SourceTitle "CBM 063 Extra"]
[Source "ChessBase"]
[SourceDate "1998.04.29"]
[SourceVersion "1"]
[SourceVersionDate "1998.04.29"]
[SourceQuality "1"]

1. e4 g6 2. d4 Bg7 3. Nc3 d6 4. f4 a6 5. a4 Nf6 6. Bc4 c5 $5 7. d5 (7. dxc5 Qa5
) (7. e5 Nfd7 8. e6 fxe6 9. Bxe6 cxd4) 7... e6 $5 8. dxe6 Bxe6 9. Bxe6 fxe6 10.
Nf3 Nc6 11. O-O O-O 12. Qd3 Qe7 13. e5 $6 dxe5 14. fxe5 Ng4 15. Bg5 Qc7 (15...
Rxf3 $2 16. gxf3 Qxg5 17. fxg4 Nxe5 18. Qg3 $16) 16. Qc4 Ngxe5 17. Qxe6+ Qf7
18. Qxf7+ (18. Qd6 $6 Nxf3+ 19. Rxf3 Qc4 $17) 18... Rxf7 19. Nxe5 Bxe5 20. Rxf7
Kxf7 21. Ne4 (21. Rd1 $5) (21. Re1 $5) 21... Bxb2 22. Rb1 $1 (22. Rf1+ $2 Ke6
23. c3 Kd5 $19) 22... Bd4+ 23. Kf1 Ke6 $1 24. c3 Rf8+ $1 25. Ke2 Kd5 26. cxd4
Kxe4 27. dxc5 Nd4+ 28. Ke1 Rf7 (28... Rf5 $5) (28... Kd3 $5) 29. Bh4 Kd3 30.
Bf2 Nc2+ 31. Kf1 Ne3+ 32. Kg1 (32. Ke1 Nxg2+) 32... Kc2 33. Rb6 Nd5 34. Rd6 Nb4
35. Rb6 Nc6 $2 (35... Kb3 $1 $19) 36. h3 Kc3 37. Rb1 Kc4 38. Rb6 Ne5 39. Be3
Nc6 40. Bf2 Nb4 41. h4 Kb3 42. c6 $1 bxc6 43. a5 Ka4 44. Be1 $2 (44. Bc5 Nd3 (
44... Nd5 45. Rxa6 Kb5 46. Ra7 Rxa7 47. Bxa7) 45. Bd6 Kxa5 $17) 44... c5 45.
Bxb4 cxb4 46. Rxa6 Rf5 47. Ra7 Rxa5 48. Rxh7 b3 0-1

[Event "Ashkhabad-A"]
[Site "Ashkhabad"]
[Date "1996.??.??"]
[Round "10"]
[White "Odeev, Handszar"]
[Black "Ahundov, Ruslan"]
[Result "0-1"]
[WhiteElo "2425"]
[BlackElo "2405"]
[Annotator "Belov,I"]
[PlyCount "80"]
[EventDate "1996.??.??"]
[EventType "tourn"]
[EventRounds "13"]
[EventCountry "TKM"]
[EventCategory "9"]
[SourceTitle "CBM 053"]
[Source "ChessBase"]
[SourceDate "1996.08.01"]
[SourceVersion "1"]
[SourceVersionDate "1996.08.01"]
[SourceQuality "1"]

1. e4 {Baburin} g6 2. d4 Bg7 3. Nc3 d6 4. Bg5 Nd7 5. Qd2 c5 (5... a6 $5 6. f4
b5 7. e5 (7. O-O-O Bb7 8. a3 c5 9. d5 Ngf6 10. Qe1 O-O 11. Nf3 Rb8 12. Kb1 b4
13. axb4 cxb4 14. Na2 b3 $36 {Leko,P-Chernin,A/HUN-ch/1992/0,5/44/}) 7... f6 8.
exf6 Ngxf6 9. Bd3 c5 10. dxc5 Nxc5 11. Nf3 Bb7 12. O-O b4 13. Nd1 Qb6 14. Kh1
O-O $15 {Leko,P-Gofshtein,L/Brno/1993/0:1/39/}) 6. Nf3 (6. d5 $142 a6 (6...
Ngf6 7. f4 a6 8. a4 Qb6 9. Ra2 h6 10. Bh4 Qb4 11. Bd3 Nh5 12. Nce2 Qxd2+ 13.
Kxd2 Ndf6 14. b3 e6 15. dxe6 Bxe6 $10 {Krnic,Z-Jansa,V/Sombor/1976/0:1/66/}) 7.
a4 Ngf6 8. f3 O-O 9. Nh3 Rb8 10. Be2 c4 11. Nf2 b5 12. O-O Qc7 13. axb5 axb5
14. b4 cxb3 15. cxb3 Nc5 $10 {Sorokin,M-Hoi,C/Ostrava/1992/0,5/42/}) 6... a6 7.
Be2 (7. a4 cxd4 8. Nxd4 Ngf6 9. f3 O-O 10. Be2 $10) 7... b5 8. O-O Bb7 9. Rad1
(9. d5 Ngf6 10. Qe3 O-O 11. h3 Qc7 12. Rad1 Rfe8 $15) 9... cxd4 10. Nxd4 Ngf6
11. f3 O-O 12. Bh6 (12. a3 Nc5 13. Kh1 Qb6 $10) 12... b4 13. Nb1 Bxh6 14. Qxh6
Qb6 15. Kh1 Rfc8 16. Qd2 (16. Nd2 e5 17. N4b3 Rxc2 $17) 16... d5 $1 17. exd5
Bxd5 $17 18. Nb3 a5 (18... e5 $5 $17) 19. Nc1 Be6 (19... e5) 20. Rfe1 Rab8 21.
b3 Qc6 22. Bd3 Nc5 23. Re2 Nxd3 24. Nxd3 Nd5 (24... Kg7 25. Nf4 $132) 25. Qh6
Rb7 26. Red2 Qb6 $1 27. Nf2 Qe3 28. Qh4 (28. Qxe3 Nxe3 29. Rc1 Rbc7 $19) 28...
Kg7 $1 29. Ne4 (29. Rxd5 $4 Bxd5 30. Rxd5 Qe1#) 29... Rbc7 30. Qg3 (30. Rxd5
Bxd5 31. Rxd5 Qc1+ $19) 30... Qf4 $5 {Baburin: [#] Black offers White the
chance to "win" two pieces for a rook & pawn. However, White should have
declined this "kind" offer!} (30... Nb6 $17) 31. Rxd5 (31. Qxf4 Nxf4 32. c4)
31... Qxg3 $8 32. hxg3 Bxd5 33. Rxd5 Rxc2 34. Nbd2 (34. Rxa5 Rc1+ 35. Kh2 Rxb1
$19) 34... Rxa2 35. Nc5 $6 (35. g4 $1 e6 36. Rd7 $17) 35... Rc7 (35... Rxc5 36.
Rxc5 Rxd2 37. Rxa5 Rb2 $19) 36. Nc4 (36. Nce4 $5) 36... e6 37. Re5 Kg8 $1 38.
Ne4 (38. Na4 Rxc4 39. bxc4 Rxa4 $19) (38. Kh2 f6 39. Rxe6 Rxc5 $19) 38... a4
$19 39. Nf6+ Kf8 40. Rb5 axb3 (40... axb3 41. Rxb4 (41. Rb8+ Ke7 42. Ng8+ Kd7
43. Nf6+ Kc6 44. Rxb4 Kc5 $19) 41... Rxc4 42. Rxc4 Ra1+ 43. Kh2 b2 $19) 0-1

[Event "St Petersburg op"]
[Site "St Petersburg"]
[Date "1994.??.??"]
[Round "8"]
[White "Sveshnikov, Evgeny"]
[Black "Korotylev, Alexey"]
[Result "1/2-1/2"]
[WhiteElo "2585"]
[BlackElo "2415"]
[Annotator "Belov,I"]
[PlyCount "74"]
[EventDate "1994.02.??"]
[EventType "swiss"]
[EventRounds "9"]
[EventCountry "RUS"]
[SourceTitle "CBM 041"]
[Source "ChessBase"]
[SourceDate "1994.08.01"]
[SourceVersion "1"]
[SourceVersionDate "1994.08.01"]
[SourceQuality "1"]

1. e4 g6 2. d4 d6 3. Nc3 Bg7 4. Be3 c6 5. h3 $5 {Sveshnikov/} Qa5 $5 $146 (5...
Nf6 6. g4 (6. f4 Nbd7 (6... O-O 7. Nf3 Nbd7 8. e5 Nh5 (8... Nd5 $5) 9. Ne2 c5
10. g4 Nxf4 11. Nxf4 cxd4 12. Nxd4 Nxe5 13. c3 Bd7 14. Be2 b5 15. b3 Rc8 16.
Rc1 a6 17. O-O $16 {Short,N-Gurevich,M/Wijk aan Zee/1990/ Inf 49/163/}) (6...
b5 $6 7. e5 dxe5 8. dxe5 Qxd1+ 9. Rxd1 Nh5 10. Nge2 g5 11. g3 $1 b4 12. Nb5 $1
Na6 13. Bg2 Bb7 14. Nbd4 $16 {Jansa,V-Pfleger,H/BRD/1989/1:0 (38) Inf 47/166/})
7. Qf3 Qa5 8. Bd3 (8. O-O-O $5 {Sveshnikov/}) 8... e5 9. Nge2 O-O 10. O-O exd4
11. Nxd4 d5 $13 {Sveshnikov,E-Rukavina,I/Pula/1990/1:0 (49) Inf 50/135/}) 6...
Qa5 7. Bg2 d5 $1 8. e5 Ne4 9. Nge2 h5 10. Bxe4 dxe4 11. gxh5 Rxh5 12. Ng3 Rxh3
13. Rxh3 Bxh3 14. Ngxe4 $14 {Ivanov,Al-Christiansen,L/USA/1989/1:0 (34) Inf 48/
178/}) 6. f4 Nf6 7. Bd3 e5 8. Qf3 (8. dxe5 dxe5 9. fxe5 Qxe5 10. Nf3 Qc7 11.
O-O $14) 8... exd4 (8... Nbd7 9. dxe5 dxe5 10. f5 b5 11. g4 b4 12. Nd1 Nc5 13.
Ne2 gxf5 14. gxf5 Nxd3+ 15. cxd3 Ba6 16. Nc1 Bf8 17. Nf2 Rg8 18. Nb3 Qb5 19.
O-O-O $16 {Sveshnikov,E-Komljenovic,D/Torcy/1991/1:0 (50) Inf 50/111/}) 9. Bxd4
O-O 10. Nge2 b5 (10... Nbd7 11. O-O Re8 12. a3 Qc7 $14) 11. O-O (11. e5 dxe5
12. fxe5 (12. Bxe5 Nbd7) 12... Nd5 13. O-O Be6 14. Ne4 Nd7 $13) 11... b4 12.
Nd1 Bb7 (12... c5 $2 13. e5 $18) 13. c3 Nbd7 14. Nf2 c5 15. cxb4 cxb4 $6 (15...
Qxb4 16. Bc3 Qb6 $10) 16. Nc1 Rfe8 17. Nb3 Qd8 18. Rac1 a5 19. Rfe1 a4 20. Nd2
Nc5 $5 (20... Rc8 21. Bb5 $1 $16) (20... Nxe4 $2 21. Bxe4 Bxe4 22. Rxe4 $18)
21. Bxc5 dxc5 22. Rxc5 Qd4 23. Rc7 Bd5 24. Nc4 (24. b3 axb3 25. Nxb3 Qb6 26.
Rc2 Bb7 27. Qe3 $16) 24... Ra7 25. Rxa7 Qxa7 26. Qe3 $6 (26. Re2 Nxe4 27. Bxe4
Bxc4 $10) (26. Kf1 Bxc4 $8 27. Bxc4 Qd4 28. Qd3 (28. Bb5 $5) 28... Qxb2 29. e5
$16) 26... Qxe3 27. Rxe3 Bxc4 28. Bxc4 Nh5 $1 $44 29. Rd3 Nxf4 30. Rd7 Rc8 $1
31. b3 axb3 32. Bxf7+ (32. axb3 Ne6 33. Nd3 Bc3 $10) 32... Kh8 33. Bxb3 Ne2+
34. Kf1 Ng3+ 35. Ke1 (35. Kg1 Bd4 $1 36. Bd1 Bxf2+ 37. Kxf2 Nxe4+ 38. Ke3 Nc5
$10) 35... Rc1+ 36. Nd1 (36. Kd2 $1 Bh6+ 37. Kd3 Rc3+ 38. Kd4 Be3+ $19) 36...
Bc3+ 37. Kf2 Nxe4+ 1/2-1/2